Adoptive Management Innovation / (Record no. 1680)

MARC details
000 -LEADER
fixed length control field 02580cam a22005055i 4500
001 - CONTROL NUMBER
control field data
005 - DATE AND TIME OF LATEST TRANSACTION
control field 20260322212112.0
006 - FIXED-LENGTH DATA ELEMENTS--ADDITIONAL MATERIAL CHARACTERISTICS
fixed length control field data
007 - PHYSICAL DESCRIPTION FIXED FIELD--GENERAL INFORMATION
fixed length control field data
008 - FIXED-LENGTH DATA ELEMENTS--GENERAL INFORMATION
fixed length control field data
035 ## - SYSTEM CONTROL NUMBER
System control number 21816764
010 ## - LIBRARY OF CONGRESS CONTROL NUMBER
LC control number 2019762507
020 ## - INTERNATIONAL STANDARD BOOK NUMBER
International Standard Book Number 9789811077128
024 7# - OTHER STANDARD IDENTIFIER
Standard number or code 10.1007/978-981-10-7712-8
Source of number or code doi
035 ## - SYSTEM CONTROL NUMBER
System control number (DE-He213)978-981-10-7712-8
040 ## - CATALOGING SOURCE
Original cataloging agency DLC
Language of cataloging eng
Description conventions rda
-- rda
Transcribing agency DLC
072 #7 - SUBJECT CATEGORY CODE
Subject category code BUS041000
Source bisacsh
072 #7 - SUBJECT CATEGORY CODE
Subject category code KJM
Source bicssc
072 #7 - SUBJECT CATEGORY CODE
Subject category code KJM
Source thema
082 04 - DEWEY DECIMAL CLASSIFICATION NUMBER
Classification number 658
Edition information 23
097 00 -
-- HD28-70
100 1# - MAIN ENTRY--PERSONAL NAME
Personal name Lin, Haifen,
Relator term author.
245 10 - TITLE STATEMENT
Title Adoptive Management Innovation /
Statement of responsibility, etc. by Haifen Lin.
250 ## - EDITION STATEMENT
Edition statement 1st ed. 2018.
264 #1 - PRODUCTION, PUBLICATION, DISTRIBUTION, MANUFACTURE, AND COPYRIGHT NOTICE
Place of production, publication, distribution, manufacture Singapore :
Name of producer, publisher, distributor, manufacturer Imprint: Springer,
-- Imprint: Springer,
Date of production, publication, distribution, manufacture, or copyright notice 2018.
300 ## - PHYSICAL DESCRIPTION
Extent 1 online resource (XV, 228 pages)
336 ## - CONTENT TYPE
Content type term text
Content type code txt
Source rdacontent
337 ## - MEDIA TYPE
Media type term computer
Media type code c
Source rdamedia
338 ## - CARRIER TYPE
Carrier type term online resource
Carrier type code cr
Source rdacarrier
347 ## - DIGITAL FILE CHARACTERISTICS
File type text file
Encoding format PDF
Source rda
520 ## - SUMMARY, ETC.
Summary, etc. This book discusses adoptive management innovation, which has been successfully implemented in other areas. It proposes a theory on this field by considering the importance and popularity of adoptive management innovation in China and around the globe, and focusing on its nature. It also establishes a process framework through which adoptive management innovation occurs, explores how individual characteristics of individual managers affect their adoption decision, examines the effects of a firm's dynamic capability on each phase of adoptive innovation, and addresses how intangible management innovation supports the process of tangible product innovation to produce effects. By exploring the process, adoption decision, drivers and effects of adoptive management innovation, the book offers abundant applications for managerial practice.
588 ## - SOURCE OF DESCRIPTION NOTE
Source of description note Description based on publisher-supplied MARC data.
650 #0 - SUBJECT ADDED ENTRY--TOPICAL TERM
Topical term or geographic name entry element Industrial management.
650 #0 - SUBJECT ADDED ENTRY--TOPICAL TERM
Topical term or geographic name entry element Management.
650 14 - SUBJECT ADDED ENTRY--TOPICAL TERM
Topical term or geographic name entry element Management.
Authority record control number or standard number https://scigraph.springernature.com/ontologies/product-market-codes/515000
650 24 - SUBJECT ADDED ENTRY--TOPICAL TERM
Topical term or geographic name entry element Innovation/Technology Management.
Authority record control number or standard number https://scigraph.springernature.com/ontologies/product-market-codes/518000
776 08 - ADDITIONAL PHYSICAL FORM ENTRY
Relationship information Print version:
Title Adoptive management innovation.
International Standard Book Number 9789811077111
Record control number (DLC) 2018933501
776 08 - ADDITIONAL PHYSICAL FORM ENTRY
Relationship information Printed edition:
International Standard Book Number 9789811077111
776 08 - ADDITIONAL PHYSICAL FORM ENTRY
Relationship information Printed edition:
International Standard Book Number 9789811077135
776 08 - ADDITIONAL PHYSICAL FORM ENTRY
Relationship information Printed edition:
International Standard Book Number 9789811339820
906 ## - LOCAL DATA ELEMENT F, LDF (RLIN)
a 0
b ibc
c origres
d u
e ncip
f 20
g y-gencatlg
925 0# -
-- acquire
-- pcnspringer
-- policy default
985 ## -
-- springerpcn
-- batch7
991 ## -
-- s-Online
-- Electronic Resource
Holdings
Withdrawn status Lost status Damaged status Not for loan Home library Current library Shelving location Date acquired Total checkouts Full call number Barcode Date last seen Price effective from Koha item type
        Springfield Springfield General stacks 22/03/2026   658 LOC-SPL-00023 22/03/2026 22/03/2026 Books